000
00251nam a2200109Ia 4500
008
190914s9999||||xx |||||||||||||| ||und||
100
_a
Justis Judd
245
0
_a
Franchising
260
_a
New Delhi
_b
McGraw Hill
_c
2001
300
_a
1049
942
_c
BK
999
_c
8375
_d
8375